000 00633nam a2200169 a 4500
005 20230331063456.0
008 991125s1991 vil 000 0 spa u
035 _aUPN01000019040
049 _aCG
050 4 _aLB1719 M4
_bF67
111 2 _aForo sobre Innovación Docente
_d(1991 :
_cVillahermosa)
245 1 0 _aElementos para un análisis de la docencia en la UJAT :
_bmemorias del 1er. foro sobre innovación docente, 6 de agosto de 1991.
260 _aVillahermosa :
_bUJAT, Dirección de Estudios y Servicios Educativos,
_c1991.
300 _a125 p.
650 4 _aMaestros
_xFormación profesional
_zMéxico
_9796
905 _aLibro
999 _c19040
_d19040